[Event "Talent CUP 2018 - A"]
[Site "?"]
[Date "2018.12.16"]
[Round "7.1"]
[White "Stalmach, Richard"]
[Black "Warchol, Bartosz"]
[Result "1-0"]
[BlackElo "1975"]
[WhiteElo "2122"]
[LiveChessVersion "1.4.8"]

1. d4 {[%clk 1:00:59]} d5 {[%clk 1:00:54]} 2. c4 {[%clk 1:01:26]} dxc4
{[%clk 1:01:20]} 3. e4 {[%clk 1:01:51]} Nc6 {[%clk 1:01:42]} 4. Nf3
{[%clk 1:01:12]} Bg4 {[%clk 1:01:51]} 5. d5 {[%clk 1:00:59]} Ne5 {[%clk 1:01:31]}
6. Bf4 {[%clk 1:00:30]} Ng6 {[%clk 1:01:17]} 7. Be3 {[%clk 1:00:49]} Nf6
{[%clk 0:59:36]} 8. Nc3 {[%clk 0:59:46]} e6 {[%clk 0:57:28]} 9. Bxc4
{[%clk 0:49:09]} exd5 {[%clk 0:57:01]} 10. Nxd5 {[%clk 0:49:18]} Nxd5
{[%clk 0:55:01]} 11. Bxd5 {[%clk 0:49:23]} c6 {[%clk 0:41:55]} 12. Bb3
{[%clk 0:38:32]} Bb4+ {[%clk 0:40:13]} 13. Bd2 {[%clk 0:37:37]} Bxd2+
{[%clk 0:33:11]} 14. Qxd2 {[%clk 0:38:06]} Qxd2+ {[%clk 0:30:53]} 15. Nxd2
{[%clk 0:37:14]} Nf4 {[%clk 0:27:52]} 16. f3 {[%clk 0:36:41]} Be6
{[%clk 0:27:20]} 17. g3 {[%clk 0:29:42]} Nd3+ {[%clk 0:21:46]} 18. Ke2
{[%clk 0:30:05]} Rd8 {[%clk 0:21:11]} 19. Bxe6 {[%clk 0:24:56]} fxe6
{[%clk 0:21:31]} 20. Rhd1 {[%clk 0:23:52]} Ke7 {[%clk 0:20:19]} 21. Nc4
{[%clk 0:23:38]} Nb4 {[%clk 0:18:28]} 22. e5 {[%clk 0:17:43]} Rd5
{[%clk 0:16:20]} 23. Rxd5 {[%clk 0:16:29]} exd5 {[%clk 0:14:43]} 24. Nd6
{[%clk 0:16:47]} Ke6 {[%clk 0:14:16]} 25. f4 {[%clk 0:16:05]} b6 {[%clk 0:13:39]}
26. f5+ {[%clk 0:16:08]} Kd7 {[%clk 0:12:52]} 27. Nf7 {[%clk 0:16:14]} Rf8
{[%clk 0:11:58]} 28. e6+ {[%clk 0:16:40]} Ke7 {[%clk 0:12:19]} 29. a3 Na6
{[%clk 0:11:29]} 30. g4 {[%clk 0:14:04]} Kf6 {[%clk 0:10:07]} 31. Rf1
{[%clk 0:11:41]} Nc5 {[%clk 0:05:36]} 32. g5+ {[%clk 0:05:34]} Ke7
{[%clk 0:05:56]} 33. f6+ {[%clk 0:04:50]} gxf6 {[%clk 0:04:50]} 34. gxf6+
{[%clk 0:05:19]} Kxe6 {[%clk 0:04:25]} 35. Ng5+ {[%clk 0:05:49]} Ke5
{[%clk 0:03:40]} 36. f7 {[%clk 0:04:32]} Ne6 {[%clk 0:03:07]} 37. Nxh7
{[%clk 0:03:07]} Rh8 {[%clk 0:03:17]} 38. Ng5 {[%clk 0:02:50]} Nf8
{[%clk 0:00:50]} 39. h4 {[%clk 0:02:53]} Kd6 {[%clk 0:00:44]} 40. Rh1
{[%clk 0:01:36]} Ke7 {[%clk 0:00:38]} 41. Kf3 {[%clk 0:01:57]} Ng6
{[%clk 0:00:38]} 42. Kg3 {[%clk 0:01:10]} Ne5 {[%clk 0:00:35]} 43. Re1
{[%clk 0:01:22]} Kd6 {[%clk 0:00:38]} 44. Rxe5 {[%clk 0:01:36]} Kxe5
{[%clk 0:00:42]} 45. Nh7 {[%clk 0:02:03]} d4 {[%clk 0:00:32]} 46. Kf3
{[%clk 0:02:20]} d3 {[%clk 0:00:36]} 47. f8=Q {[%clk 0:02:38]} Rxf8+
{[%clk 0:01:00]} 48. Nxf8 {[%clk 0:03:06]} Kf5 {[%clk 0:00:47]} 49. Ke3
{[%clk 0:03:30]} Kg4 {[%clk 0:01:07]} 50. Ng6 {[%clk 0:03:55]} Kh5
{[%clk 0:01:29]} 51. Ne5 {[%clk 0:04:22]} Kxh4 {[%clk 0:01:33]} 52. Nxc6
{[%clk 0:04:48]} 1-0

[Event "Talent CUP 2018 - A"]
[Site "?"]
[Date "2018.12.16"]
[Round "7.2"]
[White "Bochnicka, Vladimir"]
[Black "Mica, Marek"]
[Result "1/2-1/2"]
[BlackElo "2115"]
[WhiteElo "2106"]
[LiveChessVersion "1.4.8"]

1. e4 {[%clk 1:00:59]} e6 {[%clk 1:00:52]} 2. d4 {[%clk 1:01:24]} d5
{[%clk 1:01:16]} 3. exd5 {[%clk 1:01:49]} exd5 {[%clk 1:01:38]} 4. c4
{[%clk 1:02:14]} Nf6 {[%clk 1:01:41]} 5. Nc3 {[%clk 1:02:37]} Be7
{[%clk 0:57:45]} 6. Bd3 {[%clk 1:02:48]} O-O {[%clk 0:57:17]} 7. Nge2
{[%clk 1:03:09]} dxc4 {[%clk 0:54:46]} 8. Bxc4 {[%clk 1:03:31]} Nbd7
{[%clk 0:55:11]} 9. O-O {[%clk 1:03:16]} Nb6 {[%clk 0:55:32]} 10. Bb3
{[%clk 1:03:39]} Nbd5 {[%clk 0:50:52]} 11. Nf4 {[%clk 1:02:06]} Nxf4
{[%clk 0:48:44]} 12. Bxf4 {[%clk 1:02:34]} Bd6 {[%clk 0:49:07]} 13. Be5
{[%clk 0:57:06]} Ng4 {[%clk 0:43:57]} 14. Qe2 {[%clk 0:55:32]} Nxe5
{[%clk 0:36:21]} 15. dxe5 {[%clk 0:55:56]} Re8 {[%clk 0:28:03]} 16. Rad1
{[%clk 0:51:46]} Bd7 {[%clk 0:27:12]} 17. Bxf7+ {[%clk 0:40:08]} Kxf7
{[%clk 0:27:13]} 18. Qh5+ {[%clk 0:38:53]} Kg8 {[%clk 0:26:46]} 19. exd6
{[%clk 0:39:18]} cxd6 {[%clk 0:26:49]} 20. Rxd6 {[%clk 0:38:53]} Qe7
{[%clk 0:26:49]} 21. Rdd1 {[%clk 0:37:16]} Bc6 {[%clk 0:26:19]} 22. Nd5
{[%clk 0:31:53]} Qe2 {[%clk 0:22:31]} 23. Qxe2 {[%clk 0:14:11]} Rxe2
{[%clk 0:22:25]} 24. b3 {[%clk 0:13:57]} Bxd5 {[%clk 0:22:08]} 25. Rxd5
{[%clk 0:14:26]} Rxa2 {[%clk 0:22:27]} 26. Rd7 {[%clk 0:14:46]} b5
{[%clk 0:21:40]} 27. h3 {[%clk 0:14:17]} Rf8 {[%clk 0:19:26]} 28. Rc1
{[%clk 0:12:55]} Raxf2 {[%clk 0:18:58]} 29. Rcc7 {[%clk 0:13:03]} R2f7
{[%clk 0:18:50]} 30. Rxa7 {[%clk 0:13:00]} Rxd7 {[%clk 0:18:38]} 31. Rxd7
{[%clk 0:13:17]} Rf5 {[%clk 0:18:02]} 32. Rb7 {[%clk 0:13:19]} h5
{[%clk 0:17:42]} 33. b4 {[%clk 0:12:31]} Kh7 {[%clk 0:17:23]} 34. Rb6
{[%clk 0:09:13]} h4 {[%clk 0:16:53]} 35. g4 {[%clk 0:07:06]} hxg3
{[%clk 0:16:32]} 36. Kg2 {[%clk 0:07:35]} g6 {[%clk 0:16:50]} 37. Kxg3
{[%clk 0:07:50]} Rd5 {[%clk 0:14:56]} 38. Kf4 {[%clk 0:04:26]} Kh6
{[%clk 0:06:25]} 39. Ke4 {[%clk 0:02:51]} Rh5 {[%clk 0:06:39]} 40. Kd4
{[%clk 0:03:02]} Rxh3 {[%clk 0:04:34]} 41. Rxb5 {[%clk 0:03:31]} g5
{[%clk 0:04:53]} 42. Ke4 {[%clk 0:03:14]} Kh5 {[%clk 0:05:05]} 43. Rb8
{[%clk 0:02:26]} Rb3 {[%clk 0:05:19]} 44. b5 {[%clk 0:01:57]} Kh4
{[%clk 0:05:00]} 45. b6 {[%clk 0:01:37]} Rb4+ {[%clk 0:04:45]} 46. Ke3
{[%clk 0:01:26]} Kg3 {[%clk 0:04:50]} 47. b7 {[%clk 0:01:34]} g4 {[%clk 0:05:14]}
48. Kd3 {[%clk 0:00:48]} Rb3+ {[%clk 0:05:01]} 49. Ke2 {[%clk 0:00:47]} Rb2+
{[%clk 0:05:15]} 50. Ke3 {[%clk 0:01:02]} Kg2 {[%clk 0:05:19]} 51. Rg8
{[%clk 0:01:12]} Rxb7 {[%clk 0:05:18]} 52. Rxg4+ {[%clk 0:01:40]} Kh3
{[%clk 0:05:41]} 53. Rg8 {[%clk 0:01:55]} Re7+ {[%clk 0:06:06]} 54. Ke4 1/2-1/2

[Event "Talent CUP 2018 - A"]
[Site "?"]
[Date "2018.12.16"]
[Round "7.3"]
[White "Dylag, Emilia"]
[Black "Gnojek, Petr"]
[Result "0-1"]
[BlackElo "2029"]
[WhiteElo "2015"]
[LiveChessVersion "1.4.8"]

1. d4 {[%clk 1:00:56]} f5 {[%clk 1:00:51]} 2. c4 {[%clk 1:01:14]} Nf6
{[%clk 1:01:13]} 3. Nc3 {[%clk 1:01:37]} g6 {[%clk 1:01:34]} 4. h4
{[%clk 1:01:48]} Bg7 {[%clk 1:00:16]} 5. h5 {[%clk 1:02:00]} d6 {[%clk 0:57:40]}
6. h6 {[%clk 0:58:11]} Bf8 {[%clk 0:58:05]} 7. Bg5 {[%clk 0:56:06]} e6
{[%clk 0:52:39]} 8. Qd2 {[%clk 0:49:41]} Be7 {[%clk 0:51:56]} 9. O-O-O
{[%clk 0:48:04]} O-O {[%clk 0:50:32]} 10. Nh3 {[%clk 0:43:46]} Nc6
{[%clk 0:46:33]} 11. e3 {[%clk 0:38:18]} d5 {[%clk 0:35:20]} 12. Bxf6
{[%clk 0:31:51]} Bxf6 {[%clk 0:35:37]} 13. cxd5 {[%clk 0:28:53]} exd5
{[%clk 0:36:01]} 14. Nf4 {[%clk 0:28:12]} Ne7 {[%clk 0:36:11]} 15. Bd3
{[%clk 0:26:51]} c6 {[%clk 0:34:24]} 16. Kb1 {[%clk 0:23:16]} b5 {[%clk 0:34:19]}
17. f3 Qd6 {[%clk 0:32:55]} 18. Rc1 {[%clk 0:13:25]} Bd7 {[%clk 0:31:49]} 19. Be2
{[%clk 0:10:46]} a5 {[%clk 0:31:03]} 20. Nd3 {[%clk 0:10:37]} Be8
{[%clk 0:28:20]} 21. f4 {[%clk 0:08:16]} g5 {[%clk 0:26:16]} 22. g3
{[%clk 0:07:11]} Nc8 {[%clk 0:23:33]} 23. Nc5 {[%clk 0:06:01]} Nb6
{[%clk 0:21:22]} 24. Qc2 {[%clk 0:04:10]} Bg6 {[%clk 0:21:07]} 25. Bd3
{[%clk 0:03:57]} Nc4 {[%clk 0:20:16]} 26. Bxc4 {[%clk 0:03:22]} dxc4
{[%clk 0:20:12]} 27. Rcd1 {[%clk 0:02:28]} Rfe8 {[%clk 0:15:42]} 28. Qf2
{[%clk 0:02:17]} Qe7 {[%clk 0:14:09]} 29. Rhe1 {[%clk 0:01:38]} Rad8
{[%clk 0:13:28]} 30. Kc2 {[%clk 0:00:59]} Bh5 {[%clk 0:10:55]} 31. Rc1
{[%clk 0:01:21]} gxf4 {[%clk 0:08:39]} 32. gxf4 {[%clk 0:01:03]} Bh4
{[%clk 0:07:22]} 33. Qg2+ {[%clk 0:01:16]} Bg4 {[%clk 0:06:50]} 34. Rh1
{[%clk 0:00:41]} Qxe3 {[%clk 0:04:47]} 35. Rxh4 {[%clk 0:00:38]} Qxd4
{[%clk 0:05:11]} 36. Rxg4+ {[%clk 0:00:49]} fxg4 {[%clk 0:05:36]} 37. Qxg4+
{[%clk 0:01:14]} Kh8 {[%clk 0:06:02]} 38. Qg7+ {[%clk 0:01:07]} Qxg7
{[%clk 0:06:23]} 39. hxg7+ {[%clk 0:01:34]} Kxg7 {[%clk 0:06:33]} 40. N3e4
{[%clk 0:01:04]} Rd4 {[%clk 0:04:51]} 41. Rg1+ {[%clk 0:00:48]} Kf7
{[%clk 0:03:58]} 42. Re1 {[%clk 0:00:39]} Kg6 {[%clk 0:03:36]} 43. Kc3
{[%clk 0:00:41]} Rd5 {[%clk 0:04:01]} 44. Rg1+ {[%clk 0:00:32]} Kf5
{[%clk 0:04:05]} 45. Re1 {[%clk 0:00:34]} Rg8 {[%clk 0:03:05]} 46. Rh1
{[%clk 0:00:37]} Kxf4 {[%clk 0:01:45]} 47. Rf1+ {[%clk 0:00:37]} Ke5
{[%clk 0:01:52]} 48. Rf2 {[%clk 0:00:34]} b4+ {[%clk 0:01:47]} 49. Kc2
{[%clk 0:00:52]} Kd4 {[%clk 0:01:23]} 50. Rd2+ {[%clk 0:00:49]} Ke3
{[%clk 0:01:46]} 51. Rh2 {[%clk 0:00:54]} Rg1 {[%clk 0:01:23]} 52. Rxh7
{[%clk 0:00:36]} Rdd1 {[%clk 0:01:39]} 53. Rh3+ {[%clk 0:00:59]} Kd4
{[%clk 0:02:04]} 54. Rf3 {[%clk 0:00:38]} Rc1+ {[%clk 0:02:06]} 55. Kd2
{[%clk 0:01:05]} Rgd1+ {[%clk 0:01:44]} 56. Ke2 {[%clk 0:01:30]} Re1+
{[%clk 0:02:10]} 57. Kd2 {[%clk 0:01:03]} Red1+ {[%clk 0:01:12]} 58. Ke2
{[%clk 0:01:29]} Rb1 {[%clk 0:01:07]} 59. Rf4 {[%clk 0:01:03]} Rh1
{[%clk 0:01:17]} 60. b3 {[%clk 0:00:31]} Rb2+ {[%clk 0:00:56]} 61. Kf3
{[%clk 0:00:41]} Rf1+ {[%clk 0:01:14]} 62. Kg3 {[%clk 0:00:44]} Rxf4
{[%clk 0:01:39]} 63. Kxf4 {[%clk 0:01:08]} c3 {[%clk 0:01:52]} 64. Ne6+
{[%clk 0:01:19]} Kd3 {[%clk 0:02:09]} 65. N6c5+ {[%clk 0:01:17]} Kc2
{[%clk 0:02:12]} 66. Ke3 {[%clk 0:00:59]} Kb1 {[%clk 0:02:27]} 67. Na4
{[%clk 0:00:40]} Rxa2 {[%clk 0:02:21]} 68. Kd3 {[%clk 0:00:32]} c2
{[%clk 0:02:41]} 69. Nac3+ {[%clk 0:00:37]} bxc3 {[%clk 0:02:06]} 70. Nxc3+
{[%clk 0:01:03]} Kb2 {[%clk 0:02:20]} 71. Nxa2 {[%clk 0:01:17]} c1=Q
{[%clk 0:02:44]} 72. Nxc1 {[%clk 0:01:40]} Kxc1 {[%clk 0:03:11]} 73. Kd4
{[%clk 0:00:46]} Kb2 {[%clk 0:03:15]} 74. Kc4 {[%clk 0:01:09]} Kc2
{[%clk 0:03:40]} 75. b4 {[%clk 0:01:33]} a4 {[%clk 0:04:06]} 0-1

[Event "Talent CUP 2018 - A"]
[Site "?"]
[Date "2018.12.16"]
[Round "7.4"]
[White "Nytra, Ondrej"]
[Black "Sandor, Martin"]
[Result "1-0"]
[BlackElo "2004"]
[WhiteElo "1849"]
[LiveChessVersion "1.4.8"]

1. e4 {[%clk 1:00:58]} c5 {[%clk 1:00:54]} 2. Nf3 {[%clk 1:01:25]} d6
{[%clk 1:01:17]} 3. d4 {[%clk 1:01:51]} cxd4 {[%clk 1:01:40]} 4. Nxd4
{[%clk 1:02:17]} Nf6 {[%clk 1:02:04]} 5. Nc3 {[%clk 1:02:44]} a6 {[%clk 1:02:28]}
6. Be2 {[%clk 1:03:10]} e5 {[%clk 1:02:47]} 7. Nb3 {[%clk 1:03:33]} Be7
{[%clk 1:03:13]} 8. O-O {[%clk 1:03:58]} O-O {[%clk 1:03:38]} 9. Kh1
{[%clk 1:04:26]} b6 {[%clk 1:04:02]} 10. Be3 {[%clk 1:04:42]} Bb7
{[%clk 1:03:49]} 11. f3 {[%clk 1:05:02]} Nbd7 {[%clk 1:03:10]} 12. Rf2
{[%clk 1:02:17]} Rc8 {[%clk 0:59:51]} 13. Bf1 {[%clk 1:00:16]} Qc7
{[%clk 0:59:05]} 14. Rd2 {[%clk 0:58:03]} Rfd8 {[%clk 0:58:20]} 15. Qe1
{[%clk 0:56:58]} b5 {[%clk 0:50:42]} 16. a3 {[%clk 0:51:23]} Nc5 {[%clk 0:44:09]}
17. Rad1 {[%clk 0:45:28]} Qb8 {[%clk 0:34:56]} 18. Nc1 {[%clk 0:42:50]} Qa8
{[%clk 0:32:33]} 19. Qg3 {[%clk 0:29:36]} Nh5 {[%clk 0:24:22]} 20. Qh3
{[%clk 0:30:01]} Nf6 {[%clk 0:22:10]} 21. N1a2 {[%clk 0:28:05]} Rb8
{[%clk 0:17:29]} 22. Nb4 {[%clk 0:22:35]} Bc8 {[%clk 0:17:25]} 23. Qg3
{[%clk 0:22:11]} Be6 {[%clk 0:16:48]} 24. Nbd5 {[%clk 0:21:06]} Bxd5
{[%clk 0:16:35]} 25. Nxd5 {[%clk 0:21:19]} Nxd5 {[%clk 0:16:59]} 26. Rxd5
{[%clk 0:20:49]} Na4 {[%clk 0:14:08]} 27. Bc1 {[%clk 0:18:15]} Nb6
{[%clk 0:14:17]} 28. R5d3 {[%clk 0:16:18]} Rbc8 {[%clk 0:14:38]} 29. Qf2
{[%clk 0:16:01]} Qb7 {[%clk 0:13:31]} 30. b3 {[%clk 0:10:51]} Qc6
{[%clk 0:11:13]} 31. Be3 {[%clk 0:08:18]} Nd7 {[%clk 0:11:31]} 32. R3d2
{[%clk 0:08:24]} Qc3 {[%clk 0:09:17]} 33. a4 {[%clk 0:04:23]} bxa4
{[%clk 0:09:03]} 34. bxa4 {[%clk 0:04:52]} Qc6 {[%clk 0:08:37]} 35. a5
{[%clk 0:04:36]} Nc5 {[%clk 0:08:44]} 36. Rd5 {[%clk 0:03:45]} Ra8
{[%clk 0:04:51]} 37. Ra1 {[%clk 0:02:51]} Qc7 {[%clk 0:04:51]} 38. Qd2
{[%clk 0:01:55]} Qc6 {[%clk 0:03:31]} 39. h3 {[%clk 0:01:05]} h6 {[%clk 0:03:43]}
40. Qc3 {[%clk 0:01:11]} Rac8 {[%clk 0:03:34]} 41. Qd2 {[%clk 0:01:29]} Rb8
{[%clk 0:02:38]} 42. Kh2 {[%clk 0:01:42]} Kh8 {[%clk 0:02:03]} 43. Qe2
{[%clk 0:00:54]} Ra8 {[%clk 0:01:09]} 44. Qd2 {[%clk 0:00:38]} Rab8
{[%clk 0:01:32]} 45. Bd3 {[%clk 0:00:40]} Nxd3 {[%clk 0:00:53]} 46. cxd3
{[%clk 0:01:07]} Rdc8 {[%clk 0:01:09]} 47. Ra2 {[%clk 0:01:19]} Rb5
{[%clk 0:01:13]} 48. Rxb5 Qxb5 {[%clk 0:01:29]} 49. Rb2 {[%clk 0:01:31]} Qa4
{[%clk 0:01:43]} 50. Rb7 {[%clk 0:01:40]} Bf6 {[%clk 0:01:10]} 51. Qe1
{[%clk 0:00:58]} Rc2 {[%clk 0:01:15]} 52. Qg3 {[%clk 0:00:43]} Qxa5
{[%clk 0:00:38]} 53. Rb8+ {[%clk 0:00:49]} Bd8 {[%clk 0:00:38]} 54. Bxh6
{[%clk 0:00:37]} gxh6 {[%clk 0:00:57]} 55. Qh4 {[%clk 0:01:05]} Kh7
{[%clk 0:00:38]} 56. Rxd8 {[%clk 0:01:12]} Qd2 {[%clk 0:00:53]} 57. Qg3
{[%clk 0:00:36]} Qg5 {[%clk 0:01:12]} 58. Rxd6 {[%clk 0:00:45]} Rd2
{[%clk 0:00:36]} 59. Rxa6 {[%clk 0:00:37]} Rxd3 60. Ra5 {[%clk 0:00:36]} f6
{[%clk 0:01:03]} 61. Ra7+ {[%clk 0:00:33]} Kg6 {[%clk 0:01:25]} 62. Ra8
{[%clk 0:00:34]} Qxg3+ {[%clk 0:01:51]} 63. Kxg3 {[%clk 0:00:57]} Rd2
{[%clk 0:02:11]} 64. Rg8+ {[%clk 0:00:59]} Kf7 {[%clk 0:02:33]} 65. Ra8
{[%clk 0:01:08]} Kg6 {[%clk 0:02:59]} 66. h4 {[%clk 0:01:14]} Rc2
{[%clk 0:03:19]} 67. Ra7 {[%clk 0:01:11]} Rb2 {[%clk 0:03:33]} 68. Rc7
{[%clk 0:01:03]} Rd2 {[%clk 0:03:55]} 69. Rb7 {[%clk 0:01:30]} Rc2
{[%clk 0:04:22]} 70. Rb6 {[%clk 0:01:22]} h5 {[%clk 0:04:39]} 71. Rb8
{[%clk 0:01:41]} Ra2 {[%clk 0:04:47]} 72. Rb3 {[%clk 0:01:36]} Rc2
{[%clk 0:04:41]} 73. Kh3 {[%clk 0:01:58]} Re2 {[%clk 0:04:57]} 74. Rd3
{[%clk 0:02:03]} Kh6 {[%clk 0:03:35]} 75. g4 {[%clk 0:02:02]} hxg4+
{[%clk 0:03:59]} 76. Kxg4 {[%clk 0:02:29]} Kg7 {[%clk 0:02:21]} 77. Kf5
{[%clk 0:01:19]} Rf2 {[%clk 0:02:26]} 78. Ra3 {[%clk 0:01:26]} Rf1
{[%clk 0:01:55]} 79. h5 {[%clk 0:01:19]} Rh1 {[%clk 0:02:20]} 80. Ra7+
{[%clk 0:01:41]} Kg8 {[%clk 0:02:39]} 81. Kg6 {[%clk 0:01:42]} Rg1+
{[%clk 0:03:07]} 82. Kxf6 {[%clk 0:02:05]} Rg3 {[%clk 0:03:32]} 83. Ra8+
{[%clk 0:01:33]} Kh7 {[%clk 0:04:01]} 84. Ra3 {[%clk 0:01:41]} Kh6
{[%clk 0:04:09]} 85. Kxe5 {[%clk 0:01:38]} Kxh5 {[%clk 0:04:38]} 86. Kf4
{[%clk 0:01:39]} Rg8 {[%clk 0:04:38]} 87. Ra5+ {[%clk 0:01:43]} Kh6
{[%clk 0:04:59]} 88. Rf5 {[%clk 0:02:01]} Re8 {[%clk 0:05:27]} 89. e5
{[%clk 0:02:13]} Kg6 {[%clk 0:05:51]} 90. Rf6+ {[%clk 0:02:40]} Kg7
{[%clk 0:06:18]} 91. Kf5 {[%clk 0:02:57]} Ra8 {[%clk 0:06:41]} 92. f4
{[%clk 0:02:32]} Ra4 {[%clk 0:06:51]} 93. Rb6 {[%clk 0:02:43]} Ra7
{[%clk 0:07:13]} 94. Ke6 {[%clk 0:02:41]} Kf8 {[%clk 0:07:24]} 95. f5
{[%clk 0:02:34]} Re7+ {[%clk 0:07:51]} 96. Kd6 {[%clk 0:02:45]} Re8
{[%clk 0:08:02]} 97. Rb7 {[%clk 0:02:42]} Rd8+ {[%clk 0:08:24]} 98. Ke6
{[%clk 0:02:42]} Rc8 {[%clk 0:08:24]} 99. Rb6 {[%clk 0:02:17]} Ke8
{[%clk 0:08:45]} 100. f6 {[%clk 0:02:00]} Ra8 {[%clk 0:09:10]} 101. Rb7
{[%clk 0:01:22]} Ra6+ {[%clk 0:09:16]} 102. Kf5 {[%clk 0:01:46]} Ra5
{[%clk 0:08:27]} 103. f7+ {[%clk 0:01:18]} Kf8 {[%clk 0:08:53]} 104. Kf6
{[%clk 0:01:34]} 1-0

[Event "Talent CUP 2018 - A"]
[Site "?"]
[Date "2018.12.16"]
[Round "7.5"]
[White "Frank, Adam"]
[Black "Kamas, Gabriel"]
[Result "1-0"]
[BlackElo "1380"]
[WhiteElo "2152"]
[LiveChessVersion "1.4.8"]

1. e4 {[%clk 1:00:59]} e6 {[%clk 1:00:55]} 2. d4 {[%clk 1:01:25]} d5
{[%clk 1:01:17]} 3. Nd2 {[%clk 1:01:52]} Nf6 {[%clk 1:01:01]} 4. e5
{[%clk 1:02:18]} Nfd7 {[%clk 1:01:18]} 5. Bd3 {[%clk 1:02:45]} Nb6
{[%clk 1:00:50]} 6. Ne2 {[%clk 1:02:40]} c5 {[%clk 1:00:00]} 7. c3
{[%clk 1:03:07]} Nc6 {[%clk 0:58:17]} 8. O-O {[%clk 1:03:35]} Qc7
{[%clk 0:56:02]} 9. Nf3 {[%clk 1:02:44]} c4 {[%clk 0:55:46]} 10. Bc2
{[%clk 1:00:06]} Bd7 {[%clk 0:55:33]} 11. Nf4 {[%clk 0:58:35]} Ne7
{[%clk 0:54:06]} 12. h4 {[%clk 0:51:19]} h6 {[%clk 0:52:18]} 13. h5
{[%clk 0:49:55]} O-O-O {[%clk 0:50:18]} 14. b4 {[%clk 0:48:10]} Na8
{[%clk 0:45:54]} 15. a4 {[%clk 0:47:44]} b6 {[%clk 0:41:53]} 16. Ba3
{[%clk 0:46:28]} Ng8 {[%clk 0:41:22]} 17. Qb1 {[%clk 0:45:38]} Kb7
{[%clk 0:39:15]} 18. Qb2 {[%clk 0:44:51]} Rb8 {[%clk 0:39:05]} 19. b5
{[%clk 0:44:52]} Be7 {[%clk 0:32:28]} 20. Ra2 {[%clk 0:42:57]} Kc8
{[%clk 0:31:57]} 21. Rfa1 {[%clk 0:37:41]} Be8 {[%clk 0:27:44]} 22. Bb4
{[%clk 0:29:05]} Rb7 {[%clk 0:21:28]} 23. Bxe7 {[%clk 0:28:35]} Qxe7
{[%clk 0:18:15]} 24. Nd2 {[%clk 0:23:53]} f6 {[%clk 0:11:58]} 25. Bg6
{[%clk 0:22:13]} Qd7 {[%clk 0:10:33]} 26. Bxe8 {[%clk 0:21:52]} Qxe8
{[%clk 0:10:17]} 27. a5 {[%clk 0:21:57]} Qe7 {[%clk 0:08:19]} 28. Ng6
{[%clk 0:22:22]} Qe8 {[%clk 0:08:08]} 29. Nxh8 {[%clk 0:22:46]} Ne7
{[%clk 0:08:00]} 30. Ng6 {[%clk 0:23:10]} Nxg6 {[%clk 0:08:03]} 31. hxg6
{[%clk 0:23:36]} Qxg6 {[%clk 0:08:30]} 32. axb6 {[%clk 0:24:01]} Nxb6
{[%clk 0:08:42]} 33. Rxa7 {[%clk 0:24:26]} Rxa7 {[%clk 0:08:38]} 34. Rxa7
{[%clk 0:24:51]} Nd7 {[%clk 0:08:56]} 35. b6 {[%clk 0:25:13]} fxe5
{[%clk 0:08:17]} 36. b7+ {[%clk 0:25:37]} Kb8 {[%clk 0:08:09]} 37. Ra8+
{[%clk 0:26:01]} Kc7 {[%clk 0:08:32]} 38. Rc8+ {[%clk 0:26:17]} 1-0

[Event "Talent CUP 2018 - A"]
[Site "?"]
[Date "2018.12.16"]
[Round "7.6"]
[White "Kijonka, Ondrej"]
[Black "Paseka, Matyas"]
[Result "0-1"]
[BlackElo "1896"]
[WhiteElo "1608"]
[LiveChessVersion "1.4.8"]

1. d4 d5 2. c4 e6 3. Nc3 c5 4. cxd5 exd5 5. dxc5 d4 6. Ne4 Bxc5 7. Nxc5 Qa5+ 8.
Bd2 Qxc5 9. Rc1 Qf5 10. Qa4+ Nc6 11. Nf3 Qd5 12. g3 Nge7 13. Bg2 Bd7 14. O-O O-O
15. Rfd1 Nf5 16. Ng5 Qd6 17. Bf4 Qe7 18. Qc2 h6 19. Nf3 Rac8 20. a3 g5 21. Bh3
Nxg3 22. Bxg5 hxg5 23. Bxd7 Nxe2+ 24. Kh1 d3 25. Rxd3 Nxc1 26. Qxc1 Rcd8 27. Rd5
f5 28. Qc4 Kg7 29. Qc3+ Qf6 30. Qxf6+ Kxf6 31. Rxf5+ Ke7 32. Rxf8 Rxf8 33. Bxc6
bxc6 34. Nxg5 Rxf2 0-1